Girls, education and climate crisis in Pakistan: From ‘what-connects’ to a sense of ‘self’ and education after the 2022 floods (Record no. 194663)

MARC details
000 -LEADER
fixed length control field 02463nam a22002057a 4500
005 - DATE AND TIME OF LATEST TRANSACTION
control field 20250206163646.0
008 - FIXED-LENGTH DATA ELEMENTS--GENERAL INFORMATION
fixed length control field 250206b |||||||| |||| 00| 0 eng d
040 ## - CATALOGING SOURCE
Transcribing agency LDD
100 ## - MAIN ENTRY--PERSONAL NAME
Personal name Chidambaram, Aditi
245 ## - TITLE STATEMENT
Title Girls, education and climate crisis in Pakistan: From ‘what-connects’ to a sense of ‘self’ and education after the 2022 floods
260 ## - PUBLICATION, DISTRIBUTION, ETC.
Place of publication, distribution, etc. UK :
Name of publisher, distributor, etc. Elsevier,
Date of publication, distribution, etc. 2024.
300 ## - PHYSICAL DESCRIPTION
Other physical details p. 1-15
490 ## - Journal
Journal International Journal Of Educational Research
Volume/sequential designation Vol. 127
500 ## - GENERAL NOTE
General note Girls’ education has been understood as an issue pendulating between the girls as a subject and their socio-economic conditions. Countries such as Pakistan have historically struggled to ensure equal access and quality of education to girls, who have been made even more vulnerable in the wake of recent crises like the 2022 floods. In the absence of adequate state support, the potentialities of community as social support need to be considered. In this paper, we seek to centre girls’ experiences of constructing the meaning of their desire for education rooted in the networks of social relations and connections, without losing sight of the structural constraints that were exacerbated after the floods. This paper asks the question: how are girls in Pakistan experiencing intersectional issues of education after the devastating 2023 floods?<br/>This paper, focused on three flood affected villages in Pakistan, explores educational access and exclusion as a collective experience of girls and their communities. A qualitative multi-method design was utilised, including interviews and informal group-discussions with girls, male and female community members as well as experts (in education, health, and politics). The findings follow a temporal sequence, i.e., looking at the legacies of girls’ exclusion from educational opportunities pre-dating the floods, the post-flood devastation and then, the experiences and emerging potential of relationality. It is argued that such crises require appropriate support from the state and community levels, whilst also urging a deeper engagement with how girls’ aspirations for education contribute to a process of self-enrichment amidst a crisis.
650 ## - SUBJECT ADDED ENTRY--TOPICAL TERM
Topical term or geographic name entry element Climate Crisis And Gender In Pakistan
650 ## - SUBJECT ADDED ENTRY--TOPICAL TERM
Topical term or geographic name entry element Floods And Education
700 ## - ADDED ENTRY--PERSONAL NAME
Personal name Khalid, Aliya
856 ## - ELECTRONIC LOCATION AND ACCESS
Link text click here to access online
Uniform Resource Identifier <a href="https://www.sciencedirect.com/science/article/pii/S0883035524001149">https://www.sciencedirect.com/science/article/pii/S0883035524001149</a>
942 ## - ADDED ENTRY ELEMENTS (KOHA)
Source of classification or shelving scheme Dewey Decimal Classification
Koha item type Article
Holdings
Date last seen Total checkouts Price effective from Koha item type Lost status Source of classification or shelving scheme Damaged status Not for loan Withdrawn status Home library Current library Date acquired
02/06/2025   02/06/2025 Article   Dewey Decimal Classification       Library and Documentation Division NCERT Library and Documentation Division NCERT 02/06/2025